=LDR 00000nam 2200000 4500 =001 INLIS000000000024539 =005 20130612123123 =008 ***********************************Ind** =035 ##$$0010-061300000024539 =041 ##$$a Ind =090 ##$$a 420.07, Mur e =100 ##$$a Murdibjono =245 ##$$a English for the junior high school, Murdibjono =260 ##$$a 1998 $b Surabaya =300 ##$$a 27 hlm, ilus, 28 cm =650 ##$$a Bahasa inggris =850 ##$$a NBPNMAT